|
|
|
|
| LEADER |
00000cam a2200000 7i4500 |
| 001 |
0000075729 |
| 005 |
20171106.0 |
| 008 |
171009 |
| 020 |
|
|
|a 9789674690045
|
| 041 |
0 |
|
|a Malay
|
| 090 |
0 |
0 |
|a ALI
|b MAL
|
| 100 |
0 |
|
|a Aliesha Kirana
|
| 245 |
0 |
0 |
|a Mamat muka selenga
|c Aliesha Kirana
|
| 260 |
|
|
|a Selangor :
|b Karyaseni Sdn. Bhd. ,
|c 2016
|
| 300 |
|
|
|a 472p. ;
|c 18cm.
|
| 500 |
|
|
|a Novel Malay
|
| 541 |
0 |
0 |
|c Purchased on 2017
|
| 650 |
|
0 |
|a Malay fiction
|
| 999 |
|
|
|a 0001475037
|b Book
|c Adult Collection
|e Cawangan Pontian
|
| 999 |
|
|
|a 0001475038
|b Book
|c Adult Collection
|e Cawangan Segamat
|
| 999 |
|
|
|a 0001475039
|b Book
|c Adult Collection
|e Cawangan Tangkak
|
| 999 |
|
|
|a 0001475041
|b Book
|c Adult Collection
|e Cawangan Bandar Penawar
|
| 999 |
|
|
|a 0001475042
|b Book
|c Adult Collection
|e Cawangan Sri Merlong
|
| 999 |
|
|
|a 0001475043
|b Book
|c Adult Collection
|e Cawangan Taman Sri Lambak
|
| 999 |
|
|
|a 0001475044
|b Book
|c Adult Collection
|e Cawangan Batu Pahat
|
| 999 |
|
|
|a 0001475045
|b Book
|c Adult Collection
|e Cawangan Tmn. Ungku Tun Aminah
|
| 999 |
|
|
|a 0001475046
|b Book
|c Adult Collection
|e Cawangan Mersing
|
| 999 |
|
|
|a 0001475047
|b Book
|c Adult Collection
|e Cawangan Taman Universiti
|
| 999 |
|
|
|a 0001475048
|b Book
|c Adult Collection
|e Cawangan Bandar Tenggara
|
| 999 |
|
|
|a 0001475050
|b Book
|c Adult Collection
|e Cawangan Bukit Gambir
|
| 999 |
|
|
|a 0001476373
|b Book
|c Adult Collection
|e Perbadanan Perpustakaan Awam Johor
|
| 999 |
|
|
|a 0001476374
|b Book
|c Adult Collection
|e Cawangan Urban Transformation Centre
|